Huaman, un inca : civilitzacions americanes fins al 1492 / Núria Giné, Marta Passola civilitzacions americanes fins al 1492 / Núria Giné, Marta Passola
Descripción Física:
64 p. : il. ; 20 cm
Colección:
Biblioteca de la classe ; 47
Otros Autores:
Passola, Marta
MARC
| LEADER | 00000nam a2200000Ia 4500 | ||
|---|---|---|---|
| 001 | 9537 | ||
| 008 | 160829s1990 xx 000 0 cat d | ||
| 080 | |a H-1-200 | ||
| 100 | |a Giné Freixes, Núria |9 65633 | ||
| 245 | |a Huaman, un inca : |b civilitzacions americanes fins al 1492 / Núria Giné, Marta Passola | ||
| 260 | |a Barcelona : |b Graó : |b Diputació de Barcelona, Servei d'Ensenyament i Investigació, |c 1990 | ||
| 300 | |a 64 p. : |b il. ; |c 20 cm | ||
| 490 | |a Biblioteca de la classe ; 47 | ||
| 650 | |a Amèrica Llatina |x Història |x Llibres per a infants |9 27844 | ||
| 650 | |a Civilització precolombina |9 27845 | ||
| 650 | |a Indis d'Amèrica |9 27846 | ||
| 700 | |a Passola, Marta |9 27847 | ||
| 710 | 1 | |a Barcelona (Catalunya : Província). |b Servei d'Ensenyament i Investigació |9 54366 | |
| 901 | |a Arxiu | ||
| 942 | |n 1 | ||
| 952 | |0 0 |1 0 |4 0 |6 H1200 |7 1 |9 44569 |a Arxiu |b Arxiu |d 2016-12-01 |l 0 |o H-1-200 |p 9537 |r 2016-12-01 00:00:00 |w 2016-12-01 |y ARXIU | ||
| 999 | |c 47150 |d 47150 | ||